000 00690nam a2200169 a 4500
001 000035155
005 20200930074135.0
008 111025s1909 000 spa d
040 _aDO-SdBNP
_bspa
_cBNPHU
100 1 _aAznar, Tomás
_960870
245 1 0 _aAires del Moncayo :
_h[Texto impreso] :
_bzarzuela de costumbres baturras en un acto y cuatro cuadros /
_coriginal de Tomás Aznar y Juan José Lorente ; música del maestro Luis Aula.
260 _aMadrid :
_bSociedad de Autores Españoles,
_c1909.
_fR. Velasco, imp.
300 _a38 p. ;
_c21 cm.
500 _aEstreno: Coliseo de La Latina, 6 de abril de 1909.
700 1 _aLorente, Juan José
_960871
700 1 _aAula, Luis
_960872
999 _c34646
_d34646